ბათუმის შოთა რუსთაველის სახელმწიფო უნივერსიტეტის ბიბლიოთეკა

საერთაშორისო სამეცნიერო კონფერენცია ,, ეკონომიკისა და ბიზნესის გლობალური გამოწვევები და მდგრადი განვითარება"-2024 =INTERNATIONAL SCIENTIFIC CONFERENCE,, GLOBAL CHALLENGRS AND SUSTAINABLE DEVELOPMENT OF ECONOMICS AND BUSINESS"-2024. (ბიბ.ჩანაწერი № 63272)

000 -ლიდერი
ფიქსირებული სიგრძის საკონტროლო ველი 02042nam a22002297a 4500
003 - საკონტროლო ნომრის იდენტიფიკატორი
საკონტროლო ველი Ge_BSU
005 - ბოლო ოპერაციის თარიღი და დრო
საკონტროლო ველი 20250715110500.0
008 - ფიქსირებული სიგრძის მონაცემთა ელემენტები - ზოგადი ინფორმაცია
ფიქსირებული სიგრძის საკონტროლო ველი 250715s2024 ge ||||| |||| 00| 0 geo d
020 ## - წიგნის საერთაშორისო სტანდარტული ნომერი
International Standard Book Number 9789941519017 X
041 ## - ენის კოდი
Language code of text/sound track or separate title geo
080 ## - უნივერსალური ათობითი კლასიფიკაციის ინდექსი
Universal Decimal Classification number 339.924(063)+338.22(063) ს-12
245 ## - ცნობა სათაურის შესახებ
Title საერთაშორისო სამეცნიერო კონფერენცია ,, ეკონომიკისა და ბიზნესის გლობალური გამოწვევები და მდგრადი განვითარება"-2024 =INTERNATIONAL SCIENTIFIC CONFERENCE,, GLOBAL CHALLENGRS AND SUSTAINABLE DEVELOPMENT OF ECONOMICS AND BUSINESS"-2024.
Remainder of title აბსტრაქტების კრებული : Book Of Proceedings: 4-5 ოქტომბერი /
Statement of responsibility, etc საორგანიზაციო კომიტეტი: ნათია წიკლაშვილი, ბადრი გეჩბაია და სხვ.
264 ## - წარმოების, გამოცემის, დისტრიბუციის და სხვა ცნობები
გამოცემის, წარმოების, დისტრიბუციის... ადგილი ბათუმი:
გამოცემის, წარმოების, დისტრიბუციის... სახელწოდება ბათუმის შოთა რუსთაველის სახელმწიფო უნივერსიტეტი,
გამოცემის, წარმოების, დისტრიბუციის... თარიღი 2025.
300 ## - ფიზიკური აღწერა
Extent 223 გვ.:
Other physical details 29 სმ.
546 ## - LANGUAGE NOTE
Language note ქართული და ინგლისური
653 ## - INDEX TERM--UNCONTROLLED
Uncontrolled term საერთაშორისო სამეცნიერო კონფერენცია ,, ეკონომიკისა და ბიზნესის გლობალური გამოწვევები და მდგრადი განვითარება"-2024
653 ## - INDEX TERM--UNCONTROLLED
Uncontrolled term ეკონომიკა
700 ## - ADDED ENTRY--PERSONAL NAME
Personal name წიკლაშვილი, ნათია
Relator term და სხვ
9 (RLIN) 6079
710 ## - ADDED ENTRY--CORPORATE NAME
Corporate name or jurisdiction name as entry element ბათუმის შოთა რუსთაველის სახელმწიფო უნივერსიტეტი
9 (RLIN) 25647
710 ## - ADDED ENTRY--CORPORATE NAME
Corporate name or jurisdiction name as entry element ეკონომიკისა და ბიზნესის ფაკულტეტი
9 (RLIN) 25648
942 ## - ADDED ENTRY ELEMENTS (KOHA)
Source of classification or shelving scheme
Koha item type წიგნი
ეგზემპლარები
ჩამოწერის სტატუსი დაკარგული ეგზემპლარის სტატუსი კლასიფიკაციის წყარო ან თაროზე გაწყობის სქემა დაზიანების სტატუსი არ გაიცემა მუდმივი მდებარეობა (დაცვის ადგილი) ამჟამინდელი ადგილსამყოფელი თაროზე განთავსების ადგილი შეძენის თარიღი ღირებულება, შესყიდვის ნორმალური ფასი სრული შენახვის შიფრი შტრიხკოდი ბოლო ოპერაციის თარიღი ეგზემპლარის მიმდევრობითი ნომერი (კეტერი?) ფასის ძალაში შესვლის თარიღი ეგზემპლარის სახეობა საჯარო შენიშვნა
          ბათუმის შოთა რუსთაველის სახელმწიფო უნივერსიტეტის მთავარი ბიბლიოთეკა ბათუმის შოთა რუსთაველის სახელმწიფო უნივერსიტეტის მთავარი ბიბლიოთეკა წიგნსაცავი 2025-07-15 15.00 339.924(063)+338.22(063) ს-12 72129 2025-07-15 72129 2025-07-15 წიგნი 15ლ.77თ.
          ბათუმის შოთა რუსთაველის სახელმწიფო უნივერსიტეტის მთავარი ბიბლიოთეკა ბათუმის შოთა რუსთაველის სახელმწიფო უნივერსიტეტის მთავარი ბიბლიოთეკა წიგნსაცავი 2025-07-15 15.00 339.924(063)+338.22(063) ს-12 72130 2025-07-15 72130 2025-07-15 წიგნი 15ლ.77თ.
          ბათუმის შოთა რუსთაველის სახელმწიფო უნივერსიტეტის მთავარი ბიბლიოთეკა ბათუმის შოთა რუსთაველის სახელმწიფო უნივერსიტეტის მთავარი ბიბლიოთეკა წიგნსაცავი 2025-07-15 15.00 339.924(063)+338.22(063) ს-12 72131 2025-07-15 72131 2025-07-15 წიგნი 15ლ.77თ.
          ბათუმის შოთა რუსთაველის სახელმწიფო უნივერსიტეტის მთავარი ბიბლიოთეკა ბათუმის შოთა რუსთაველის სახელმწიფო უნივერსიტეტის მთავარი ბიბლიოთეკა წიგნსაცავი 2025-07-15 15.00 339.924(063)+338.22(063) ს-12 72132 2025-07-15 72132 2025-07-15 წიგნი 15ლ.77თ.